| 000 | 00426cam a2200169ua 4500 | ||
|---|---|---|---|
| 020 | _c7.00 | ||
| 041 |
_amal _h |
||
| 082 |
_a320.58G _bGAN/TH |
||
| 100 | _aMahatma Gandhi, . | ||
| 245 |
_aTheranjedutha kathukal / _cMahatma Gandhi. _hTextual Documents |
||
| 260 |
_aThiruvananthapuram : _bGandhi Smaraka Nidhi , _c1962. |
||
| 300 | _a545 ; . | ||
| 365 | _a7.00 | ||
| 504 | _a | ||
| 942 | _cBK | ||
| 999 |
_c4556 _d4556 |
||